[Event "Wiesbaden op 31st"]
[Site "Wiesbaden"]
[Date "2019.08.25"]
[Round "6"]
[White "Mueller, Lutz"]
[Black "Sefeloge, Michael"]
[Result "1-0"]
[WhiteElo "1906"]
[BlackElo "1725"]
[PlyCount "85"]
[EventDate "2019.08.22"]
[EventType "swiss"]
[EventRounds "7"]
[EventCountry "GER"]
[SourceTitle "EXT 2020"]
[Source "ChessBase"]
[SourceDate "2019.10.17"]
[SourceVersion "1"]
[SourceVersionDate "2019.10.17"]
[SourceQuality "1"]

1. d4 d5 2. Nf3 e6 3. e3 Nf6 4. Bd3 Be7 5. Nbd2 Nbd7 6. b3 0-0 7. Bb2 c5 8. 0-0 b6 9. Ne5 Bb7 10. f4 Rc8 11. Qe2 Ne4 12. Bxe4 dxe4 13. c4 Nf6 14. Rad1 Qc7 15. g4 g6 16. g5 Nh5 17. Ng4 f6 18. gxf6 Nxf6 19. Ne5 Nh5 20. Rf2 Bf6 21. Qg4 Ng7 22. dxc5 Qxc5 23. Nd7 Qh5 24. Nxf6+ Rxf6 25. Qxh5 Nxh5 26. Bxf6 Nxf6 27. Nf1 Kf7 28. Rfd2 Rc7 29. Kf2 h6 30. h3 Bc6 31. Ng3 Rd7 32. Rxd7+ Nxd7 33. Nxe4 Ke7 34. Nc3 Nf6 35. b4 Nd7 36. e4 Nf6 37. Ke3 a6 38. a4 Bb7 39. e5 Ne8 40. Ne4 Ng7 41. Nd6 Nf5+ 42. Nxf5+ exf5 43. Rd6 1-0

[Event "Wiesbaden op 31st"]
[Site "Wiesbaden"]
[Date "2019.08.25"]
[Round "7"]
[White "Sefeloge, Michael"]
[Black "Wunschik, Joachim"]
[Result "0-1"]
[WhiteElo "1725"]
[BlackElo "1837"]
[PlyCount "62"]
[EventDate "2019.08.22"]
[EventType "swiss"]
[EventRounds "7"]
[EventCountry "GER"]
[SourceTitle "EXT 2020"]
[Source "ChessBase"]
[SourceDate "2019.10.17"]
[SourceVersion "1"]
[SourceVersionDate "2019.10.17"]
[SourceQuality "1"]

1. d4 c6 2. c4 d5 3. e3 Nf6 4. Nc3 e6 5. Nf3 Bd6 6. Bd3 0-0 7. 0-0 Nbd7 8. cxd5 exd5 9. Re1 Re8 10. e4 dxe4 11. Bxe4 h6 12. Bd3 Nf8 13. Be3 Bg4 14. h3 Bh5 15. Be2 Bc7 16. Qb3 Qd6 17. g3 Rxe3 18. Ne5 Rxe5 19. dxe5 Qxe5 20. Qxb7 Rb8 21. Qxc6 Bxe2 22. Rxe2 Qd6 23. Qc4 Bb6 24. Kg2 Ne6 25. Ne4 Nxe4 26. Qxe4 Ng5 27. Qc4 Qd7 28. Qg4 Qc6+ 29. f3 Re8 30. Rae1 Rxe2+ 31. Rxe2 Qc5 0-1

[Event "SVR-ch Seniors"]
[Site "Lahnstein"]
[Date "2019.04.19"]
[Round "6"]
[White "Buzov, Boris"]
[Black "Sefeloge, Michael"]
[Result "1-0"]
[WhiteElo "2111"]
[BlackElo "1715"]
[PlyCount "123"]
[EventDate "2019.04.13"]
[EventType "swiss"]
[EventRounds "7"]
[EventCountry "GER"]
[SourceTitle "EXT 2021"]
[Source "ChessBase"]
[SourceDate "2020.10.23"]
[SourceVersion "1"]
[SourceVersionDate "2020.10.23"]
[SourceQuality "1"]

1. d4 d5 2. Nf3 Nf6 3. e3 e6 4. b3 Be7 5. Bd3 0-0 6. 0-0 Nbd7 7. Bb2 c5 8. Nbd2 b6 9. Ne5 Bb7 10. f4 cxd4 11. exd4 Rc8 12. Rf3 Ne4 13. a4 Nxd2 14. Qxd2 Nf6 15. a5 Ne4 16. Qe1 f5 17. axb6 axb6 18. Ra7 Rb8 19. Bb5 Qc7 20. Nc6 Ra8 21. Nxe7+ Qxe7 22. Ba3 Qc7 23. Qb4 Rfc8 24. Rxa8 Rxa8 25. c4 dxc4 26. Bxc4 Bd5 27. Rf1 Qa7 28. Bxd5 exd5 29. Bc1 Qc7 30. Bd2 Ra2 31. Rc1 Rc2 32. Rxc2 Qxc2 33. Be1 Qc1 34. g3 Qe3+ 35. Kf1 Qd3+ 36. Kg1 Qe2 37. h3 h5 38. Kh1 Qf1+ 39. Kh2 Nf2 40. Bxf2 Qxf2+ 41. Kh1 Qxg3 42. Qxb6 Qxh3+ 43. Kg1 Qe3+ 44. Kh1 Qe4+ 45. Kg1 h4 46. Qd8+ Kf7 47. Qxh4 Qxd4+ 48. Kg2 Qd2+ 49. Kg1 Qd1+ 50. Kg2 Qxb3 51. Qh5+ Ke7 52. Qxf5 Qb2+ 53. Kg3 Qc3+ 54. Kg4 Qd4 55. Qg5+ Kd6 56. Qd8+ Kc6 57. Qc8+ Kb5 58. Qb7+ Kc4 59. Qa6+ Kc3 60. Qa1+ Kd3 61. Qd1+ Ke4 62. Qf3# 1-0

[Event "SVR-ch Seniors"]
[Site "Lahnstein"]
[Date "2019.04.14"]
[Round "3"]
[White "Sefeloge, Michael"]
[Black "Fleuch, Hans Juergen"]
[Result "0-1"]
[WhiteElo "1715"]
[BlackElo "1956"]
[PlyCount "76"]
[EventDate "2019.04.13"]
[EventType "swiss"]
[EventRounds "7"]
[EventCountry "GER"]
[SourceTitle "EXT 2021"]
[Source "ChessBase"]
[SourceDate "2020.10.23"]
[SourceVersion "1"]
[SourceVersionDate "2020.10.23"]
[SourceQuality "1"]

1. d4 d6 2. c4 Nd7 3. Nc3 e5 4. e3 g6 5. dxe5 Nxe5 6. Nf3 Nxf3+ 7. Qxf3 Bg7 8. Bd2 Nf6 9. Ne4 Ng4 10. Bc3 Ne5 11. Qd1 f5 12. Nxd6+ cxd6 13. f4 Qh4+ 14. g3 Qh6 15. Qxd6 Nf7 16. Bxg7 Qxg7 17. Qb4 Qf6 18. Bg2 Qe7 19. Qc3 0-0 20. Rd1 Be6 21. b3 Rad8 22. Kf2 b6 23. Rd4 Rfe8 24. Rhd1 h5 25. h4 Nh6 26. Bf3 Bc8 27. Bd5+ Kh7 28. Bc6 Ng4+ 29. Kg1 Rf8 30. Rxd8 Rxd8 31. Rxd8 Qxd8 32. Qd4 Qe7 33. e4 fxe4 34. Bxe4 Bf5 35. Bg2 Qe1+ 36. Bf1 Qxg3+ 37. Bg2 Qe1+ 38. Bf1 Ne3 0-1

[Event "SVR-ch Seniors"]
[Site "Lahnstein"]
[Date "2019.04.13"]
[Round "1"]
[White "Mueller, Georg"]
[Black "Sefeloge, Michael"]
[Result "1-0"]
[WhiteElo "2046"]
[BlackElo "1715"]
[PlyCount "47"]
[EventDate "2019.04.13"]
[EventType "swiss"]
[EventRounds "7"]
[EventCountry "GER"]
[SourceTitle "EXT 2021"]
[Source "ChessBase"]
[SourceDate "2020.10.23"]
[SourceVersion "1"]
[SourceVersionDate "2020.10.23"]
[SourceQuality "1"]

1. e4 c5 2. Nc3 d6 3. Nf3 Nf6 4. d4 cxd4 5. Nxd4 e6 6. g3 Bd7 7. Bg2 Nc6 8. Ndb5 Qb8 9. Bf4 e5 10. Bg5 a6 11. Na3 Be7 12. Bxf6 Bxf6 13. Nc4 b5 14. Nxd6+ Kf8 15. Nxf7 Kxf7 16. Qxd7+ Ne7 17. Rd1 Qb6 18. 0-0 Rhd8 19. Qg4 Qc5 20. Rxd8 Rxd8 21. Rd1 Rd4 22. Qh5+ Kf8 23. Rxd4 exd4 24. Qxc5 1-0

[Event "Wiesbaden op 30th"]
[Site "Wiesbaden"]
[Date "2018.08.25"]
[Round "4"]
[White "Sefeloge, Michael"]
[Black "Bakiev, Diyor"]
[Result "0-1"]
[WhiteElo "1763"]
[BlackElo "1899"]
[PlyCount "38"]
[EventDate "2018.08.23"]
[EventType "swiss"]
[EventRounds "7"]
[EventCountry "GER"]
[SourceTitle "CBM 186 Extra"]
[Source "ChessBase"]
[SourceDate "2018.08.24"]
[SourceVersion "1"]
[SourceVersionDate "2018.08.24"]
[SourceQuality "1"]

1. d4 Nf6 2. c4 c5 3. e3 cxd4 4. exd4 d5 5. cxd5 Nxd5 6. Nc3 e6 7. Bb5+ Bd7 8. Qa4 Nc6 9. Nxd5 exd5 10. Nf3 Bb4+ 11. Bd2 Qe7+ 12. Kd1 Bxd2 13. Kxd2 0-0 14. Rhe1 Qf6 15. Qb3 Nxd4 16. Qxd5 Nxb5 17. Ke2 Bc6 18. Qb3 Bxf3+ 19. gxf3 Nd4+ 0-1

[Event "Wiesbaden op 30th"]
[Site "Wiesbaden"]
[Date "2018.08.24"]
[Round "2"]
[White "Sefeloge, Michael"]
[Black "Ostendorph, Elias"]
[Result "1-0"]
[WhiteElo "1763"]
[BlackElo "1281"]
[PlyCount "120"]
[EventDate "2018.08.23"]
[EventType "swiss"]
[EventRounds "7"]
[EventCountry "GER"]
[SourceTitle "CBM 186 Extra"]
[Source "ChessBase"]
[SourceDate "2018.08.24"]
[SourceVersion "1"]
[SourceVersionDate "2018.08.24"]
[SourceQuality "1"]

1. d4 g6 2. c4 Bg7 3. Nc3 c5 4. e3 Nc6 5. Nf3 d6 6. Be2 cxd4 7. exd4 Bg4 8. Be3 Nf6 9. 0-0 0-0 10. Qd2 Re8 11. Rad1 Bxf3 12. Bxf3 e5 13. dxe5 Nxe5 14. Bxb7 Rb8 15. Bd5 Nxd5 16. Nxd5 Rxb2 17. Qc1 Ng4 18. Bd4 Bxd4 19. Rxd4 Ree2 20. Rxg4 f5 21. Rg3 Qh4 22. Qf4 Qxf4 23. Nxf4 Re4 24. Nxg6 hxg6 25. Rxg6+ Kf7 26. Rxd6 Rxa2 27. c5 a5 28. Ra6 Ke7 29. c6 a4 30. Rd1 Rd4 31. Re1+ Kd8 32. Ra7 Re2 33. Rb1 Rb2 34. Rf1 Rc2 35. Rd7+ Rxd7 36. cxd7 Kxd7 37. h4 Ke7 38. Ra1 Rc4 39. g3 Kf6 40. Kg2 Kg6 41. Kf3 Kh5 42. Ra3 Rb4 43. Kg2 f4 44. Kh3 fxg3 45. fxg3 Rg4 46. Rc3 Rb4 47. Rc5+ Kh6 48. Ra5 Rc4 49. h5 Rd4 50. g4 Rd3+ 51. Kh4 a3 52. g5+ Kh7 53. Ra7+ Kh8 54. g6 Rd2 55. Rxa3 Rd4+ 56. Kg5 Rd8 57. Kh6 Kg8 58. Ra7 Rb8 59. Ra5 Rd8 60. Kg5 Rd1 1-0

[Event "Wiesbaden op 29th"]
[Site "Wiesbaden"]
[Date "2017.08.27"]
[Round "7"]
[White "Sefeloge, Michael"]
[Black "Stork, Christopher"]
[Result "0-1"]
[WhiteElo "1797"]
[BlackElo "1569"]
[PlyCount "94"]
[EventDate "2017.08.24"]
[EventType "swiss"]
[EventRounds "7"]
[EventCountry "GER"]
[SourceTitle "CBM 180 Extra"]
[Source "ChessBase"]
[SourceDate "2017.10.06"]
[SourceVersion "1"]
[SourceVersionDate "2017.10.06"]
[SourceQuality "1"]

1. d4 d5 2. c4 e6 3. e3 Nf6 4. Nc3 Be7 5. Nf3 0-0 6. Be2 b6 7. 0-0 Bb7 8. cxd5 exd5 9. Qc2 Nbd7 10. a3 c5 11. dxc5 bxc5 12. Rd1 Rc8 13. Qb3 Nb6 14. a4 c4 15. Qa2 a5 16. b3 cxb3 17. Qxb3 Bb4 18. Bb2 Qe7 19. Nd4 Nc4 20. Ncb5 Ne4 21. Bxc4 dxc4 22. Qc2 Qg5 23. Nf3 Qg6 24. Ne5 Qe6 25. f3 c3 26. fxe4 cxb2 27. Qxb2 Bxe4 28. Qd4 Bc2 29. Rf1 Rfd8 30. Qf4 f6 31. Nf3 Rd3 32. Nfd4 Qxe3+ 33. Qxe3 Rxe3 34. Rac1 Bf5 35. Nxf5 Rxc1 36. Nxe3 Bc5 37. Rxc1 Bxe3+ 38. Kf1 Bxc1 39. Ke2 Kf7 40. Nd4 Bf4 41. g3 Be5 42. Kd3 Bxd4 43. Kxd4 Ke6 44. Kc5 Ke5 45. Kc6 f5 46. Kc5 Ke4 47. h4 Kf3 0-1

[Event "Wiesbaden op 29th"]
[Site "Wiesbaden"]
[Date "2017.08.26"]
[Round "5"]
[White "Sefeloge, Michael"]
[Black "Jakesevic, Ivan"]
[Result "1-0"]
[WhiteElo "1797"]
[BlackElo "1615"]
[PlyCount "77"]
[EventDate "2017.08.24"]
[EventType "swiss"]
[EventRounds "7"]
[EventCountry "GER"]
[SourceTitle "CBM 180 Extra"]
[Source "ChessBase"]
[SourceDate "2017.10.06"]
[SourceVersion "1"]
[SourceVersionDate "2017.10.06"]
[SourceQuality "1"]

1. d4 e6 2. c4 c5 3. Nf3 Nf6 4. e3 d5 5. cxd5 Nxd5 6. dxc5 Bxc5 7. Bb5+ Bd7 8. Qa4 a6 9. Bxd7+ Nxd7 10. 0-0 0-0 11. Rd1 N7f6 12. e4 Nb6 13. Rxd8 Nxa4 14. Rxf8+ Rxf8 15. b3 Nb6 16. Nbd2 Ng4 17. h3 Nxf2 18. b4 Nxe4+ 19. bxc5 Nxd2 20. Bxd2 Nd7 21. Bb4 Rc8 22. Rd1 Nf6 23. Ne5 h6 24. a4 Nd5 25. Ba3 f6 26. Nc4 Nc3 27. Rd7 Nxa4 28. Rxb7 Nxc5 29. Ra7 Ne4 30. Nb6 Rc6 31. Rxa6 Kh7 32. Bb4 h5 33. h4 f5 34. Kh2 f4 35. Bf8 Kg6 36. Be7 e5 37. Bf8 Kh6 38. Ra7 Rg6 39. Nd5 1-0

[Event "Wiesbaden op 28th"]
[Site "Wiesbaden"]
[Date "2016.08.27"]
[Round "4"]
[White "Kaspereit, Holger"]
[Black "Sefeloge, Michael"]
[Result "1/2-1/2"]
[WhiteElo "2077"]
[BlackElo "1846"]
[PlyCount "45"]
[EventDate "2016.08.25"]
[EventType "swiss"]
[EventRounds "7"]
[EventCountry "GER"]
[SourceTitle "CBM 174 Extra"]
[Source "ChessBase"]
[SourceDate "2016.10.10"]
[SourceVersion "1"]
[SourceVersionDate "2016.10.10"]
[SourceQuality "1"]

1. e4 c5 2. d4 cxd4 3. c3 dxc3 4. Nxc3 d6 5. Nf3 Nf6 6. Bc4 e6 7. 0-0 Be7 8. Qe2 a6 9. Rd1 Qc7 10. Bb3 Bd7 11. Be3 Nc6 12. Rac1 Rc8 13. Nd5 exd5 14. exd5 0-0 15. dxc6 Bxc6 16. Nd4 Qd7 17. Nxc6 Rxc6 18. Rxc6 Qxc6 19. Bd4 Re8 20. h3 Bd8 21. Qd3 Qe4 22. Qxe4 Rxe4 23. Kf1 1/2-1/2

[Event "Wiesbaden op 28th"]
[Site "Wiesbaden"]
[Date "2016.08.26"]
[Round "3"]
[White "Sefeloge, Michael"]
[Black "Rolf, Marco"]
[Result "1/2-1/2"]
[WhiteElo "1846"]
[BlackElo "2058"]
[PlyCount "108"]
[EventDate "2016.08.25"]
[EventType "swiss"]
[EventRounds "7"]
[EventCountry "GER"]
[SourceTitle "CBM 174 Extra"]
[Source "ChessBase"]
[SourceDate "2016.10.10"]
[SourceVersion "1"]
[SourceVersionDate "2016.10.10"]
[SourceQuality "1"]

1. d4 d5 2. c4 c6 3. Nc3 dxc4 4. e4 b5 5. a4 b4 6. Na2 e5 7. Nf3 exd4 8. Qxd4 Qxd4 9. Nxd4 Ba6 10. Bf4 Nf6 11. f3 Bc5 12. Nf5 0-0 13. Bd6 Bxd6 14. Nxd6 c5 15. Bxc4 Bxc4 16. Nxc4 Nc6 17. Rd1 Rfd8 18. Kf2 Rd4 19. Rxd4 Nxd4 20. Rd1 Rd8 21. Nc1 Nd7 22. Ne2 Ne6 23. f4 Nb8 24. Rxd8+ Nxd8 25. Ke3 Kf8 26. Nc1 Ke7 27. Nb3 Nd7 28. e5 Ke6 29. g4 Kd5 30. Kd3 g5 31. Ne3+ Ke6 32. Ke4 gxf4 33. Kxf4 Nc6 34. Nc4 Kd5 35. Nbd2 Ndxe5 36. Ne3+ Ke6 37. Ke4 Na5 38. h3 c4 39. Kd4 Nac6+ 40. Kc5 c3 41. bxc3 bxc3 42. Ndc4 Kd7 43. Nxe5+ Nxe5 44. Kd4 Nf3+ 45. Kxc3 Kc6 46. Nf5 Ng5 47. Nh6 Nxh3 48. Nxf7 Kb6 49. Kb4 Nf2 50. g5 Ne4 51. a5+ Kc6 52. Ne5+ Kd5 53. g6 hxg6 54. Nxg6 Kc6 1/2-1/2

[Event "GER-chB Seniors 28th"]
[Site "Niederhausen"]
[Date "2016.08.18"]
[Round "6"]
[White "Baur, Helmut"]
[Black "Sefeloge, Michael"]
[Result "0-1"]
[WhiteElo "1779"]
[BlackElo "1846"]
[PlyCount "48"]
[EventDate "2016.08.13"]
[EventType "swiss"]
[EventRounds "9"]
[EventCountry "GER"]
[SourceTitle "EXT 2019"]
[Source "ChessBase"]
[SourceDate "2018.10.10"]
[SourceVersion "1"]
[SourceVersionDate "2018.10.10"]
[SourceQuality "1"]

1. d4 d5 2. Nf3 Nf6 3. Bf4 e6 4. e3 Be7 5. Nbd2 Nbd7 6. Bd3 c5 7. c3 a6 8. Ne5 cxd4 9. Nxd7 Bxd7 10. exd4 0-0 11. Nf3 b5 12. a3 a5 13. Ne5 b4 14. Nxd7 Qxd7 15. axb4 axb4 16. 0-0 bxc3 17. bxc3 Qc6 18. Qb3 Rfc8 19. Rxa8 Rxa8 20. Rb1 Ra3 21. Qb8+ Bf8 22. Rb6 Ra1+ 23. Bf1 Qxc3 24. Bd6 Nd7 0-1

[Event "GER-chB Seniors 28th"]
[Site "Niederhausen"]
[Date "2016.08.13"]
[Round "1"]
[White "Sefeloge, Michael"]
[Black "Van Houten, Henk"]
[Result "0-1"]
[WhiteElo "1846"]
[BlackElo "1669"]
[PlyCount "116"]
[EventDate "2016.08.13"]
[EventType "swiss"]
[EventRounds "9"]
[EventCountry "GER"]
[SourceTitle "EXT 2019"]
[Source "ChessBase"]
[SourceDate "2018.10.10"]
[SourceVersion "1"]
[SourceVersionDate "2018.10.10"]
[SourceQuality "1"]

1. d4 d5 2. c4 e6 3. Nc3 Nf6 4. e3 Be7 5. Nf3 0-0 6. Be2 Nbd7 7. 0-0 c6 8. Qc2 Re8 9. cxd5 exd5 10. a3 Bf8 11. b4 Nb6 12. Nd2 g6 13. a4 a5 14. bxa5 Rxa5 15. Ba3 Bxa3 16. Rxa3 Bf5 17. Qb2 Bc8 18. Rb1 Nbd7 19. Qb4 Ra8 20. Nb3 Qe7 21. Nc5 Nxc5 22. dxc5 Nd7 23. e4 dxe4 24. Bg4 f5 25. Qc4+ Qf7 26. Be2 Ra5 27. Rb4 Nxc5 28. Qd4 Be6 29. Ra1 Qe7 30. Qe3 Qc7 31. Rd4 Nb3 32. Nd5 Bxd5 33. Rxd5 cxd5 34. Qxb3 Rc5 35. Rb1 Rc1+ 36. Rxc1 Qxc1+ 37. Bf1 Qc6 38. g3 Kf7 39. Bb5 Qc1+ 40. Kg2 Rd8 41. a5 Qc5 42. a6 bxa6 43. Bxa6 Kf6 44. Qb2+ d4 45. h4 Qc6 46. Bb7 Qc5 47. Qd2 Rd7 48. Qg5+ Kg7 49. Ba8 Qe7 50. Qd2 e3 51. fxe3 dxe3 52. Qc3+ Kh6 53. Qe1 Rd2+ 54. Kh3 Qe6 55. Bf3 Rf2 56. Be2 Qa2 57. g4 Qxe2 58. g5+ Kh5 0-1

[Event "Wiesbaden op 26th"]
[Site "Wiesbaden"]
[Date "2014.08.31"]
[Round "6"]
[White "Woehl, Torsten"]
[Black "Sefeloge, Michael"]
[Result "0-1"]
[WhiteElo "1626"]
[BlackElo "1818"]
[PlyCount "144"]
[EventDate "2014.08.28"]
[EventType "swiss"]
[EventRounds "7"]
[EventCountry "GER"]
[SourceTitle "CBM 162 Extra"]
[Source "ChessBase"]
[SourceDate "2014.10.17"]
[SourceVersion "1"]
[SourceVersionDate "2014.10.17"]
[SourceQuality "1"]

1. c4 e6 2. Nc3 d5 3. cxd5 exd5 4. d4 Nf6 5. Nf3 Be7 6. g3 0-0 7. Bg2 c6 8. 0-0 Re8 9. Bf4 Qb6 10. b3 Bb4 11. Na4 Qa6 12. a3 Bf8 13. Re1 Nbd7 14. b4 Ne4 15. Ne5 Ndf6 16. f3 Nd6 17. Nc5 Qb6 18. Na4 Qd8 19. Nc3 Nh5 20. Nd3 Nxf4 21. Nxf4 Re3 22. Qc1 Qe8 23. Kf2 Re7 24. Nh5 Re6 25. Nf4 Re7 26. Nh5 f6 27. Nf4 g6 28. Bh3 Bh6 29. Bxc8 Qxc8 30. e3 Qd7 31. Rg1 Rae8 32. Nd1 Nc4 33. Qc3 a6 34. Ra2 Qf5 35. Re2 Bxf4 36. gxf4 Kf7 37. Rg3 Qb1 38. Rg1 Qf5 39. Rg3 Qe6 40. h4 h5 41. Qd3 f5 42. Rg1 Qf6 43. Rh1 Nd6 44. Qb3 Nb5 45. Qd3 Nxd4 46. Ree1 Nb5 47. Kg3 Qa1 48. Nf2 Qxa3 49. Qxa3 Nxa3 50. Nd3 Rxe3 51. Ne5+ R3xe5 52. Rxe5 Rxe5 53. fxe5 Nc4 54. Re1 Ke6 55. f4 Nb2 56. Re2 Nd3 57. Kf3 Nxb4 58. Ke3 c5 59. Rg2 d4+ 60. Kd2 Nd5 61. Rxg6+ Kf7 62. Rd6 Nxf4 63. Rd7+ Ke6 64. Rxb7 Kxe5 65. Ra7 Ng2 66. Rxa6 Nxh4 67. Rh6 Nf3+ 68. Kd3 h4 69. Kc4 Kf4 70. Kxc5 d3 71. Rd6 d2 72. Kc4 h3 0-1

[Event "Wiesbaden op 26th"]
[Site "Wiesbaden"]
[Date "2014.08.29"]
[Round "3"]
[White "Sefeloge, Michael"]
[Black "Brechlin, Olaf"]
[Result "1/2-1/2"]
[WhiteElo "1818"]
[BlackElo "2036"]
[PlyCount "61"]
[EventDate "2014.08.28"]
[EventType "swiss"]
[EventRounds "7"]
[EventCountry "GER"]
[SourceTitle "CBM 162 Extra"]
[Source "ChessBase"]
[SourceDate "2014.10.17"]
[SourceVersion "1"]
[SourceVersionDate "2014.10.17"]
[SourceQuality "1"]

1. d4 d5 2. c4 Nc6 3. e3 e5 4. dxe5 d4 5. a3 Bf5 6. Nf3 Bg4 7. Be2 dxe3 8. Qxd8+ Rxd8 9. Bxe3 Bxf3 10. Bxf3 Nxe5 11. Be2 Nf6 12. Nc3 a6 13. 0-0 Be7 14. Bf4 Nfd7 15. Rad1 0-0 16. Rd5 f6 17. Rfd1 c6 18. R5d2 Nc5 19. b4 Ne6 20. Be3 Rxd2 21. Rxd2 Rd8 22. Rxd8+ Bxd8 23. c5 f5 24. f4 Nd7 25. Bc4 Kf7 26. Ne2 Bf6 27. Bd4 Ndf8 28. Kf2 Bxd4+ 29. Nxd4 Kf6 30. Nxe6 Nxe6 31. Ke3 1/2-1/2

[Event "Karl Mala Memorial op-B 17th"]
[Site "Frankfurt"]
[Date "2014.08.02"]
[Round "5"]
[White "Sefeloge, Michael"]
[Black "Hinrichs, Paul"]
[Result "1-0"]
[WhiteElo "1818"]
[BlackElo "1552"]
[PlyCount "93"]
[EventDate "2014.07.31"]
[EventType "swiss"]
[EventRounds "7"]
[EventCountry "GER"]
[SourceTitle "EXT 2015"]
[Source "ChessBase"]
[SourceDate "2014.11.20"]
[SourceVersion "1"]
[SourceVersionDate "2014.11.20"]
[SourceQuality "1"]

1. d4 d5 2. c4 c6 3. e3 e6 4. Nc3 Nf6 5. Nf3 Nbd7 6. Bd3 a6 7. Qc2 Be7 8. 0-0 dxc4 9. Bxc4 b5 10. Bd3 c5 11. b3 0-0 12. Bb2 Bb7 13. Ne4 Bxe4 14. Bxe4 Nxe4 15. Qxe4 Nf6 16. Qb1 Rc8 17. dxc5 Rxc5 18. Bd4 Rc6 19. Qb2 Qc7 20. Be5 Qb7 21. Rac1 Rfc8 22. Rfd1 Rxc1 23. Rxc1 Rxc1+ 24. Qxc1 h6 25. Nd4 Nd7 26. Bg3 e5 27. Qc6 Qxc6 28. Nxc6 Bd6 29. f4 exf4 30. Bxf4 Bxf4 31. exf4 Kf8 32. Kf2 Ke8 33. Ke3 Nb6 34. Kd4 Kd7 35. Nb8+ Kd6 36. Nxa6 Nd7 37. Nb4 Nb6 38. Nd3 f6 39. Nf2 Nd5 40. g3 Nb4 41. Ne4+ Kc6 42. Nc3 Nc2+ 43. Ke4 Nb4 44. Kf5 h5 45. Kg6 h4 46. gxh4 Nd3 47. Nxb5 1-0

[Event "Karl Mala Memorial op-B 17th"]
[Site "Frankfurt"]
[Date "2014.08.01"]
[Round "2"]
[White "Sciurti, Domenico"]
[Black "Sefeloge, Michael"]
[Result "0-1"]
[WhiteElo "1607"]
[BlackElo "1818"]
[PlyCount "98"]
[EventDate "2014.07.31"]
[EventType "swiss"]
[EventRounds "7"]
[EventCountry "GER"]
[SourceTitle "EXT 2015"]
[Source "ChessBase"]
[SourceDate "2014.11.20"]
[SourceVersion "1"]
[SourceVersionDate "2014.11.20"]
[SourceQuality "1"]

1. e4 c5 2. Nf3 d6 3. d4 cxd4 4. Nxd4 Nf6 5. Nc3 a6 6. Bd3 e6 7. 0-0 Be7 8. Qf3 Nbd7 9. Qg3 g6 10. Bh6 Nh5 11. Qe3 Ne5 12. f4 Ng4 13. Qd2 Nxh6 14. f5 Bg5 15. Qd1 Be3+ 16. Kh1 Bxd4 17. Bb5+ axb5 18. Qxd4 e5 19. Qd5 Nf6 20. Qxb5+ Qd7 21. Qe2 Qe7 22. Qb5+ Kf8 23. h3 gxf5 24. exf5 Nxf5 25. Kh2 Rg8 26. Rf2 Rg6 27. Raf1 Ne3 28. Rg1 Nfg4+ 29. Kg3 Nxf2+ 30. Kxf2 Nf5 31. g4 Qh4+ 32. Kf1 Qxh3+ 33. Ke1 Qe3+ 34. Ne2 Nd4 35. Rg3 Qxg3+ 36. Nxg3 Nxb5 37. Ne4 Rxa2 38. c4 Rxg4 39. cxb5 Rxe4+ 40. Kd2 Rxb2+ 41. Kd3 Rbb4 42. b6 Rh4 43. Kc3 Rbg4 44. Kd3 Rg3+ 45. Ke2 Rhh3 46. Kf2 Ra3 47. Kg2 Rhb3 48. Kf2 Rb2+ 49. Ke1 Ra1# 0-1

[Event "Rheinland Pfalz op 6th"]
[Site "Gau Algesheim"]
[Date "2014.06.21"]
[Round "4"]
[White "Bauer, Bjoern Benny"]
[Black "Sefeloge, Michael"]
[Result "1-0"]
[WhiteElo "1975"]
[BlackElo "1840"]
[PlyCount "55"]
[EventDate "2014.06.19"]
[EventType "swiss"]
[EventRounds "7"]
[EventCountry "GER"]
[SourceTitle "CBM 161 Extra"]
[Source "ChessBase"]
[SourceDate "2014.08.29"]
[SourceVersion "1"]
[SourceVersionDate "2014.08.29"]
[SourceQuality "1"]

1. d4 d5 2. c4 e6 3. Nc3 Nf6 4. Nf3 Nbd7 5. Bf4 c6 6. e3 Be7 7. Bd3 dxc4 8. Bxc4 Nb6 9. Bd3 Nbd5 10. Be5 0-0 11. 0-0 Bd6 12. Bxd6 Qxd6 13. e4 Nxc3 14. bxc3 Qd8 15. Qe2 g6 16. Rfd1 b6 17. Qe3 Kg7 18. c4 Nd7 19. e5 Bb7 20. Ng5 Qe7 21. Ne4 c5 22. Nd6 cxd4 23. Qxd4 Bc6 24. f4 Nc5 25. Bc2 Qh4 26. Qe3 Rad8 27. Rd4 Rd7 28. f5 1-0

[Event "Rheinland Pfalz op 6th"]
[Site "Gau Algesheim"]
[Date "2014.06.19"]
[Round "2"]
[White "Syrov, Arkadi"]
[Black "Sefeloge, Michael"]
[Result "1-0"]
[WhiteElo "2007"]
[BlackElo "1840"]
[PlyCount "87"]
[EventDate "2014.06.19"]
[EventType "swiss"]
[EventRounds "7"]
[EventCountry "GER"]
[SourceTitle "CBM 161 Extra"]
[Source "ChessBase"]
[SourceDate "2014.08.29"]
[SourceVersion "1"]
[SourceVersionDate "2014.08.29"]
[SourceQuality "1"]

1. e4 c5 2. Nf3 d6 3. Bb5+ Bd7 4. c4 a6 5. Bxd7+ Nxd7 6. Nc3 e6 7. 0-0 Ngf6 8. d4 cxd4 9. Qxd4 Be7 10. Bg5 0-0 11. Rfd1 Rc8 12. Rac1 Qc7 13. b3 Rfd8 14. h3 h6 15. Bh4 Ne5 16. Nh2 Ng6 17. Bg3 Nh5 18. Nf1 Nxg3 19. Nxg3 Bf6 20. Qd3 Nf4 21. Qf3 Be5 22. Nce2 Nxe2+ 23. Nxe2 Qc5 24. Nf4 Bxf4 25. Qxf4 Qa3 26. Qd2 a5 27. Rc3 Kf8 28. Rd3 Ke7 29. e5 Rc6 30. Qe2 Rd7 31. Qf3 Qxa2 32. Rxd6 Rcxd6 33. exd6+ Ke8 34. Qc3 f6 35. Ra1 Qe2 36. Re1 Qh5 37. Rxe6+ Kf7 38. Qe1 Qg5 39. Re7+ Rxe7 40. Qxe7+ Kg6 41. g3 Qc1+ 42. Kg2 Qc2 43. d7 Qxb3 44. d8Q 1-0

[Event "SVR-ch Seniors 37th"]
[Site "Heimbach Weis"]
[Date "2014.04.19"]
[Round "7"]
[White "Heidmann, Horst"]
[Black "Sefeloge, Michael"]
[Result "0-1"]
[WhiteElo "1524"]
[BlackElo "1657"]
[PlyCount "82"]
[EventDate "2014.04.11"]
[EventType "tourn"]
[EventRounds "9"]
[EventCountry "GER"]
[SourceTitle "CBM 160 Extra"]
[Source "ChessBase"]
[SourceDate "2014.07.01"]
[SourceVersion "1"]
[SourceVersionDate "2014.07.01"]
[SourceQuality "1"]

1. e4 c5 2. Nc3 d6 3. f4 e6 4. Nf3 Nc6 5. Bb5 Bd7 6. 0-0 a6 7. Bxc6 Bxc6 8. d3 Nf6 9. Qe1 Be7 10. Qg3 g6 11. Qh3 Qc7 12. Bd2 Bf8 13. Rae1 0-0-0 14. e5 Nd5 15. Nxd5 Bxd5 16. Bc3 Bxf3 17. Rxf3 d5 18. d4 cxd4 19. Bxd4 Bc5 20. c3 Bxd4+ 21. cxd4 Kb8 22. Qh4 Qb6 23. Qf2 Rc8 24. Rb3 Qa5 25. Ra3 Qb4 26. Rb3 Qc4 27. Qe3 Rc6 28. a3 Rhc8 29. Rc3 Qa4 30. Rxc6 Rxc6 31. b4 Rc4 32. Rc1 Qb5 33. Kf2 Qc6 34. Rxc4 Qxc4 35. g3 h5 36. h4 Ka7 37. Ke1 Kb6 38. Kd2 Kb5 39. Qc3 Ka4 40. Qxc4 dxc4 41. Kc3 b5 0-1